| 000 | 01158cam a2200229 4500 | ||
|---|---|---|---|
| 001 | ##J122538 | ||
| 008 | 030606n2006 000 0 eng u | ||
| 035 | _a(Sirsi) u122538 | ||
| 041 | 0 | _aeng | |
| 050 | 0 | 4 | _a332.642 $2 18 |
| 110 | 2 |
_aFinancial Services Authority _94032 |
|
| 245 | 0 | 0 | _aFSA full handbook |
| 260 |
_aLondon _bFSA _c2006 |
||
| 505 | 2 | _aGlossary -- High level standards -- Prudential standards -- Business standards -- Regulatory processes -- Redress -- Specialist sourcebooks -- Listing, prospectus and disclosure rules -- Handbook guides -- Regulatory guides | |
| 520 | _aSets out the Financial Services Authority's (FSA) legislative and other provisions made under powers given to it by the Financial Services and Markets Act 2000. Provides a consolidated version of the FSA's rule-making instruments. | ||
| 650 | 2 | 4 | _aUNITED KINGDOM LISTING AUTHORITY LISTING RULES |
| 650 | 2 | 4 | _aFINANCIAL SERVICES AND MARKETS ACT 2000 |
| 651 | 4 |
_aUnited Kingdom _y |
|
| 690 | _aPROPERTY-PROPERTY FINANCE AND INVESTMENT | ||
| 856 | 4 | 0 |
_uhttps://fsahandbook.info/FSA/html/handbook/ _zView the item free of charge at www.fsa.gov.uk... |
| 942 | _n0 | ||
| 999 |
_c102874 _d102874 |
||